| 000 | 00857nas a2200265 4500 | ||
|---|---|---|---|
| 001 | BR7903254 | ||
| 003 | BR-BrBNA | ||
| 005 | 20231205083737.0 | ||
| 007 | ta | ||
| 008 | 230509b bl.|||p| |||| 00| 00por d | ||
| 040 |
_aBR-BrBNA _bpor _cBiblioteca Nacional de Agricultura |
||
| 041 | _a(Pt) | ||
| 072 | _aF60 | ||
| 100 | 1 | _aBarni, N.A. | |
| 100 | 1 | _aGomes, J.E. da S. | |
| 100 | 1 | _aGoncalves, J.C. | |
| 111 | 1 |
_a4. Reuniao Conjunta de Pesquisa da Soja RS/SC _cSanta Maria, RS (Brazil) _d1976 |
|
| 245 | 1 | _aResposta da soja (Glycine max (L.)Merrill)a adubacao nitrogenada no florescimento | |
| 650 | _aSOJA | ||
| 650 | _aFLORACAO | ||
| 650 | _aFERTILIZANTE NITROGENADO | ||
| 773 | 0 |
_tAgronomia Sulriograndense (Brazil) _xISSN 0400-8111 _g(1978), v. 14(2) p. 243-250 _wBR7903254 |
|
| 909 |
_a202311 _bLúcia _c55 _dLúcia Elande |
||
| 942 |
_2AGRIS _n0 _cANA |
||
| 999 |
_c100914 _d100914 |
||